00395nam a2200133Ia 4500008004100000020001800041040002900059050002700088100006400115245003400179260002600213942000700239999001500246230104s9999||||xx |||||||||||||| ||und|| a0-324-18320-8 cChuka University Library aBSL HG 8051 bT73 2005 aTrieschmann, James S., Robert E. Hoyt, David W. Sommer9100 0aRisk management and insurance aThomsonbSydneyc2005 cBK c4995d4995